LEADER 01418nam 2200481 450 001 9910484047603321 005 20230522133358.0 010 $a3-030-65516-4 035 $a(CKB)4100000011946524 035 $a(MiAaPQ)EBC6629001 035 $a(Au-PeEL)EBL6629001 035 $a(OCoLC)1255218900 035 $a(PPN)255886470 035 $a(EXLCZ)994100000011946524 100 $a20220128d2021 uy 0 101 0 $aeng 135 $aurcnu|||||||| 181 $ctxt$2rdacontent 182 $cc$2rdamedia 183 $acr$2rdacarrier 200 00$aAlboran Sea-ecosystems and marine resources /$feditors655, Jose? Carlos Ba?ez [and three others] 210 1$aCham, Switzerland :$cSpringer,$d[2021] 210 4$d©2021 215 $a1 online resource (942 pages) 311 $a3-030-65515-6 320 $aIncludes bibliographical references. 606 $aEcology$zMediterranean Region 606 $aEcologia marina$2thub 606 $aRecursos marins$2thub 607 $aAlborán (Mar)$2thub 608 $aLlibres electrònics$2thub 615 0$aEcology 615 7$aEcologia marina 615 7$aRecursos marins 676 $a577.091822 702 $aBa?ez$b Jose? Carlos 801 0$bMiAaPQ 801 1$bMiAaPQ 801 2$bMiAaPQ 906 $aBOOK 912 $a9910484047603321 996 $aAlboran Sea - Ecosystems and Marine Resources$91933721 997 $aUNINA LEADER 03565nam 2200709 a 450 001 9910972001503321 005 20241107100227.0 010 $a1-281-73489-6 010 $a9786611734893 010 $a0-300-13490-8 035 $a(CKB)1000000000473588 035 $a(StDuBDS)AH23049827 035 $a(SSID)ssj0000114098 035 $a(PQKBManifestationID)11143159 035 $a(PQKBTitleCode)TC0000114098 035 $a(PQKBWorkID)10101693 035 $a(PQKB)10343519 035 $a(MiAaPQ)EBC3420381 035 $a(Au-PeEL)EBL3420381 035 $a(CaPaEBR)ebr10210264 035 $a(CaONFJC)MIL173489 035 $a(OCoLC)923592785 035 $a(ODN)ODN0000137101 035 $a(EXLCZ)991000000000473588 100 $a20070105d2007 uy 0 101 0 $aeng 135 $aur||||||||||| 181 $ctxt 182 $cc 183 $acr 200 10$aBound together $ehow traders, preachers, adventurers, and warriors shaped globalization /$fNayan Chanda 205 $a1st ed. 210 $aNew Haven $cYale University Press$dc2007 215 $a1 online resource (416 p.) 300 $aBibliographic Level Mode of Issuance: Monograph 311 08$a0-300-11201-7 320 $aIncludes bibliographical references (p. 335-372) and index. 327 $aThe African beginning -- From camel commerce to e-commerce -- The world inside -- Preachers' world -- World in motion -- The imperial weave -- Slaves, germs, and Trojan horses -- Globalization: from buzzword to curse -- Who's afraid of globalization? -- The road ahead -- Chronology. 330 $bSince humans migrated from Africa and dispersed throughout the world, they have found countless ways and reasons to reconnect with each other. In this entertaining book, Nayan Chanda follows the exploits of traders, preachers, adventurers, and warriors throughout history as they have shaped and reshaped the world. For Chanda, globalization is a process of ever-growing interconnectedness and interdependence that began thousands of years ago and continues to this day with increasing speed and ease.In the end, globalization—from the lone adventurer carving out a new trade route to the expanding ambitions of great empires—is the product of myriad aspirations and apprehensions that define just about every aspect of our lives: what we eat, wear, ride, or possess is the product of thousands of years of human endeavor and suffering across the globe. Chanda reviews and illustrates the economic and technological forces at play in globalization today and concludes with a thought-provoking discussion of how we can and should embrace an inevitably global world. 517 3 $aHow traders, preachers, adventurers, and warriors shaped globalization 517 3 $aTraders, preachers, adventurers, and warriors shaped globalization 606 $aSocial evolution 606 $aCommerce$xHistory 606 $aIntercultural communication$xHistory 606 $aCulture diffusion$xHistory 606 $aGlobalization$xHistory 615 0$aSocial evolution. 615 0$aCommerce$xHistory. 615 0$aIntercultural communication$xHistory. 615 0$aCulture diffusion$xHistory. 615 0$aGlobalization$xHistory. 676 $a303.48/209 686 $aHIS000000$2bisacsh 700 $aChanda$b Nayan$0313865 701 $aRussell$b Stephen$01596543 801 0$bMiAaPQ 801 1$bMiAaPQ 801 2$bMiAaPQ 906 $aBOOK 912 $a9910972001503321 996 $aBound together$94379666 997 $aUNINA